Statistiche per Ricostruisci la Carriera del Calciatore - Erling Haaland

Clicka qui per fare il quiz!

Statistiche generali

  • Questo quiz è stato fatto 5 volte
  • Il punteggio medio è 4 su 7

Statistiche sulle risposte

HintRisposta% Corretto
2016 Bryne
100%
2020-2022 Borussia Dortmund
50%
2022- Manchester City
50%
2017-2018 Molde
50%
2017 Molde 2
50%
2019-2020 Salisburgo
50%
2015-2016 Bryne 2
0%

Distribuzione punteggi

Percentile per numero di risposta

Percentuale di utenti per punteggio

I tuoi punteggi nel tempo

Non hai fatto questo quiz